00433nam a2200169Ia 4500008004100000041001200041082001700053100001700070245003700087365001100124520001400135546001200149630003700161650001400198655001400212730003700226101110s9999 xx 000 0 und d aENGLISH bSR18754a541 aAdamson A.W. aA Textbook of Physical Chemistry b519.75 aChemistry aENGLISH aA Textbook of Physical Chemistry aChemistry aChemistry aA Textbook of Physical Chemistry